00455cam a2200157ua 450000100060000000800390000602000180004504000090006308200100007210000250008224500740010725000110018126000510019230000100024365300440025311585191011n ii |||gr||||Z||||||eng a9788131305362 cMAIN a155.4 aR Kumar . ,eAuthor. aChild Development : bhealth,welfare and management / cBy R Kumar .  bVol.1. aNew Delhi:bAPH Publishing Corporation,c2018. a270p. aDifferential & developmental psychology